Breastfeeding , nutrition, infection and infant growth in developed and emerging countries (Record no. 21128)

MARC details
000 -LEADER
fixed length control field 00475nam a22001577a 4500
003 - CONTROL NUMBER IDENTIFIER
control field OSt
005 - DATE AND TIME OF LATEST TRANSACTION
control field 20211202110105.0
008 - FIXED-LENGTH DATA ELEMENTS--GENERAL INFORMATION
fixed length control field 211202b |||||||| |||| 00| 0 eng d
020 ## - INTERNATIONAL STANDARD BOOK NUMBER
International Standard Book Number 0-921554-01-x
040 ## - CATALOGING SOURCE
Transcribing agency Hawassa University
050 ## - LIBRARY OF CONGRESS CALL NUMBER
Classification number 649.33/BRE
Item number 1
082 ## - DEWEY DECIMAL CLASSIFICATION NUMBER
Classification number 649.33/BR
Item number 1
245 ## - TITLE STATEMENT
Title Breastfeeding , nutrition, infection and infant growth in developed and emerging countries
260 ## - PUBLICATION, DISTRIBUTION, ETC.
Place of publication, distribution, etc. Canada
Name of publisher, distributor, etc. Arts biomedical publishers
Date of publication, distribution, etc. 1990
942 ## - ADDED ENTRY ELEMENTS (KOHA)
Source of classification or shelving scheme Dewey Decimal Classification
Koha item type Books like text book referance book
Suppress in OPAC No
Holdings
Withdrawn status Lost status Source of classification or shelving scheme Damaged status Not for loan Home library Current library Date acquired Total Checkouts Full call number Barcode Date last seen Copy number Price effective from Koha item type
    Dewey Decimal Classification     College of Agriculture Library College of Agriculture Library 12/02/2021   649.33/BR ALIB0011604 12/02/2021 1 12/02/2021 Books like text book referance book